[Event "Maribor Pirc Memorial op 19th"]
[Site "Maribor"]
[Date "2015.06.28"]
[Round "4"]
[White "Brcar, Ales"]
[Black "Hocevar, Nikola"]
[Result "1-0"]
[WhiteElo "2102"]
[BlackElo "1904"]
[PlyCount "83"]
[EventDate "2015.06.25"]
[EventType "swiss"]
[EventRounds "9"]
[EventCountry "SLO"]
[SourceTitle "CBM 167 Extra"]
[Source "ChessBase"]
[SourceDate "2015.09.14"]
[SourceVersion "1"]
[SourceVersionDate "2015.09.14"]
[SourceQuality "1"]

1. d4 d5 2. c4 e6 3. Nc3 Nf6 4. cxd5 exd5 5. Bg5 Be7 6. e3 0-0 7. Bd3 c6 8. Qc2 Nbd7 9. Nge2 Re8 10. 0-0 Nf8 11. f3 c5 12. Bxf6 Bxf6 13. dxc5 Rxe3 14. Rad1 g6 15. Be4 Be6 16. Nxd5 Bxd5 17. Rxd5 Qe7 18. Rfd1 Bg7 19. Ng3 f5 20. Nf1 fxe4 21. Nxe3 exf3 22. Nc4 Rc8 23. Nd6 Rc7 24. Qe4 Qxe4 25. Nxe4 Bxb2 26. gxf3 Kf7 27. Nd6+ Ke6 28. R5d2 Be5 29. Re2 g5 30. Nc4 Rxc5 31. Nxe5 Rxe5 32. Rxe5+ Kxe5 33. Rd8 Ne6 34. Rd7 Nc5 35. Rxh7 a5 36. Rg7 Kf4 37. Kg2 b5 38. Ra7 a4 39. Ra5 Ke3 40. Rxb5 Nd3 41. Rxg5 Ne1+ 42. Kg3 1-0

[Event "SLO-chT1 West"]
[Site "Ljubljana"]
[Date "2014.10.05"]
[Round "3"]
[White "Cirkvencic, Franci"]
[Black "Brcar, Ales"]
[Result "0-1"]
[WhiteElo "2139"]
[BlackElo "2071"]
[PlyCount "72"]
[EventDate "2014.10.03"]
[EventType "team-tourn"]
[EventRounds "9"]
[EventCountry "SLO"]
[SourceTitle "EXT 2019"]
[Source "ChessBase"]
[SourceDate "2018.10.10"]
[SourceVersion "1"]
[SourceVersionDate "2018.10.10"]
[SourceQuality "1"]
[WhiteTeam "Stari Mayr Kranj"]
[BlackTeam "Trebnje BMP"]
[WhiteTeamCountry "SLO"]
[BlackTeamCountry "SLO"]

1. d4 Nf6 2. Nf3 g6 3. g3 Bg7 4. Bg2 0-0 5. c4 d5 6. cxd5 Nxd5 7. 0-0 Nc6 8. Nc3 Nb6 9. e3 Be6 10. b3 Qc8 11. Bb2 Bh3 12. Qe2 a5 13. Rfd1 Bxg2 14. Kxg2 Rd8 15. Ne4 Nd5 16. a3 e6 17. Rac1 Nde7 18. Ne5 Rd5 19. f4 Rd8 20. Nxc6 Nxc6 21. g4 Ne7 22. Qf3 Nd5 23. Nc3 c6 24. Ne2 Qc7 25. h4 Qb6 26. e4 Nc7 27. Rd3 Nb5 28. Rcd1 a4 29. b4 Rd7 30. e5 Rad8 31. g5 Rd5 32. h5 R8d7 33. Qe4 Qd8 34. hxg6 hxg6 35. Qe3 b6 36. Kf3 c5 0-1

[Event "SLO-chT1 West"]
[Site "Ljubljana"]
[Date "2014.10.03"]
[Round "1"]
[White "Bulic, Josip"]
[Black "Brcar, Ales"]
[Result "1-0"]
[WhiteElo "2215"]
[BlackElo "2071"]
[PlyCount "79"]
[EventDate "2014.10.03"]
[EventType "team-tourn"]
[EventRounds "9"]
[EventCountry "SLO"]
[SourceTitle "EXT 2019"]
[Source "ChessBase"]
[SourceDate "2018.10.10"]
[SourceVersion "1"]
[SourceVersionDate "2018.10.10"]
[SourceQuality "1"]
[WhiteTeam "Piran"]
[BlackTeam "Trebnje BMP"]
[WhiteTeamCountry "SLO"]
[BlackTeamCountry "SLO"]

1. d4 d5 2. c4 c6 3. Nc3 Nf6 4. Nf3 a6 5. c5 Bf5 6. Qb3 Qc8 7. Bf4 Nbd7 8. e3 Nh5 9. Be2 Nxf4 10. exf4 Rb8 11. Na4 b5 12. cxb6 Nxb6 13. Nxb6 Qd8 14. 0-0 Rxb6 15. Qa4 Bg4 16. Rac1 Qc7 17. Rfe1 Bxf3 18. Bxf3 Qd7 19. Rc2 e6 20. f5 Bb4 21. Rec1 exf5 22. Rxc6 0-0 23. a3 Re8 24. g3 Bf8 25. Qc2 Rxc6 26. Qxc6 Re1+ 27. Kg2 Re7 28. Qxa6 Re6 29. Qa8 Re8 30. Qxd5 Qxd5 31. Bxd5 Rd8 32. Ba2 Rxd4 33. Rc7 Rd2 34. Bxf7+ Kh8 35. Rc8 g6 36. Rxf8+ Kg7 37. Rb8 Kxf7 38. a4 Ke6 39. a5 Kd7 40. a6 1-0